000 00932nam a2200253 a 4500
001 24604
003 BD-RjUL
005 20211209001055.0
008 140313s1935 enk 000 0 eng
035 _a(BD-RjUL)24673
040 _a(BD-RjUL)24673
_beng
_cBD-RjUL
_dBD-RjUL
041 _aeng
082 _a942
_bSTU 1935
245 0 0 _aStudies in Anglo-French history during the eighteenth, nineteenth and twentieth centuries /
_cedited by Alfred Coville and Harold Temperley.
260 _aCambridge :
_bCambridge University Press,
_c1935.
300 _axv, 180 p. :
_c23 cm.
504 _aIncludes index.
651 0 _aGreat Britain
_xForeign relations
_zFrance.
_975737
651 0 _aFrance
_xForeign relations
_zGreat Britain.
_975738
651 0 _aEurope
_xPolitics and government
_975739
700 1 _aCoville, Alfred,
_d1860-1942.
_975740
700 1 _aTemperley, Harold William Vazeille,
_d1879-1939.
_975741
942 _2ddc
_cBK
999 _c24604
_d24604